000 00643nam a2200205 i 4500
001 43440
003 ES-MaACL
005 20230906160807.0
007 t|
008 030317s1981 pe ||||1| spa d
080 _a396(85)
100 1 _aCathelat, Marie-France.
_937064
245 1 0 _aPerfil de la mujer peruana, 1980-1981 /
_cMarie-France Cathelat, Teresa Burga.
260 _a[Lima] :
_bInvestigaciones Sociales Artísticas,
_c[1981]
300 _a340 p. ;
_c21 cm.
650 4 _aMujeres-
_zPerú.
_9174295
700 1 _aBurga, Teresa.
_932612
710 2 _aInvestigaciones Sociales Artísticas (Lima)
_95284
852 4 _aES-MaACL
_jL-2029
999 _c43440
_d43440